Một số phương pháp chứng minh bất đẳng thức: Khóa luận tốt nghiệp
v.v...
Đã lưu trong:
| Tác giả chính: | |
|---|---|
| Định dạng: | Sách |
| Năm xuất bản: |
Quảng Bình.:
[K.đ],
2012
|
| Series: | Trường Đại học Quảng Bình .
|
| Chủ đề: | |
| Tags: |
Thêm thẻ
Không có thẻ, Hãy là người đầu tiên gắn thẻ bản ghi này!
|
| LEADER | 00643nam a2200157 4500 | ||
|---|---|---|---|
| 082 | |a 510.78 |b H407V | ||
| 100 | |a Hoàng Văn Phương | ||
| 245 | |a Một số phương pháp chứng minh bất đẳng thức: |c Hoàng Văn Phương; Phan Trọng Tiến hướng dẫn |b Khóa luận tốt nghiệp | ||
| 260 | |a Quảng Bình.: |b [K.đ], |c 2012 | ||
| 300 | |a 55tr.; |c 30cm. | ||
| 490 | |a Trường Đại học Quảng Bình . | ||
| 520 | |a v.v... | ||
| 653 | |a Toán học | ||
| 942 | |2 ddc |c KL | ||
| 999 | |c 12330 |d 12330 | ||
| 952 | |0 0 |1 0 |2 ddc |4 0 |6 510_780000000000000_H407V |7 0 |8 500 |9 105203 |a qbu |b qbu |c D1 |d 2016-01-19 |o 510.78 H407V |p LA18.c1 |r 0000-00-00 |w 2016-01-19 |y KL | ||